000 00310nam a22001217a 4500
008 150416b xxu||||| |||| 00| 0 eng d
020 _a9780071713917
020 _a0071713913
041 0 _aeng
080 _a339.138
245 1 0 _aMarketing demystified :
_cDonna Anselmo.
942 _2udc
_cBK
999 _c705
_d705